00801nam a2200217Ia 4500003000900000008004100009020001900050040001600069080002600085110004000111245011700151260005600268300002300324650002100347650002200368650001900390650002000409942000700429999001500436952013200451IN-BaIIA211028s9999 xx 000 0 eng d a9399-261-10901 cIIA Library a(035)621.38bPDH-69:2 aPhilips Gloeilanapenfabrieken96249 0aPhillps data and Handbookbpt. 2, components and materials- resistors, capacitorscPhilips Gloeilanapenfabrieken aNetherlandbTechnical Publications Departmentc1969 a[various pagings.] aCapacitors96250 aElectronics91576 aNASA Thesaurus aResistors96251 cBK c3531d3531 00102ddc4070aBANbBANcGENd1970-07-16g13.20l0o(035)621.38/ PDH-69:2p3942r2021-11-05v13.20w1970-07-16yBKGRs. 13.20